Photo Quiz: Musicians Named John - Statistics

General Stats
  • This quiz has been taken 142 times
  • The average score is 6 of 20
Answer Stats
Picture Hint Answer % Correct
UK 60's/70's John Lennon
98%
US Country John Denver
71%
US Pop/R&B 2000's/10's John Legend
71%
US 80's Rock Jon Bon Jovi ( John Francis Bongiovi)
67%
UK Punk Johnny Rotten (John Lydon)
60%
UK Classical 1960's onwards John Williams
33%
UK 70's/80's John Deacon
32%
US Blues John Lee Hooker
18%
UK 60's/70's John McVie
17%
France 70's/80's Jean-Michel Jarre
15%
German Classical Composer (1833-1897) Johannes Brahms
15%
UK Rock'n'Roll 1960's Johnny Kidd
11%
UK 1980's Jon Moss
10%
Wales 60's/70's John Cale
8%
US Late 60's/Early 70's Rock John Densmore
7%
UK Film Composer (1933-2011) John Barry
6%
UK Punk 70's/80's Jean-Jacques Burnel
5%
UK Late 60's Rock Jack Bruce (John Bruce)
3%
Jamaica Reggae 70's John Holt
3%
UK Singer-Songwriter 70's John Miles
2%
No matching quizzes found
Score Distribution
Percent of People with Each Score
Percentile by Number Answered
Your Score History
You have not taken this quiz